[Event "Florianopolis op-B"]
[Site "Florianopolis"]
[Date "2023.09.24"]
[Round "6"]
[White "Milkievicz Da Rocha, Mateus"]
[Black "Pereira, Gabriel Alexandre D"]
[Result "1/2-1/2"]
[WhiteElo "1456"]
[BlackElo "1767"]
[PlyCount "48"]
[EventDate "2023.09.22"]
[EventType "swiss"]
[EventRounds "6"]
[EventCountry "BRA"]
[SourceTitle "CBM 216 Extra"]
[Source "ChessBase"]
[SourceDate "2023.11.30"]
[SourceVersion "1"]
[SourceVersionDate "2023.11.30"]
[SourceQuality "1"]

1. e4 e5 2. Nf3 Nc6 3. c3 Bc5 4. Bc4 a6 5. a3 Nf6 6. d3 0-0 7. 0-0 h6 8. Be3 Ba7 9. Bxa7 Rxa7 10. Nh4 d5 11. exd5 Nxd5 12. Nf3 Re8 13. Nbd2 Nf6 14. Re1 Bg4 15. h3 Bh5 16. g4 Bg6 17. Ne4 Nxe4 18. dxe4 Qf6 19. Qe2 Raa8 20. b4 Rad8 21. Rad1 Rd6 22. Rd5 Qf4 23. Nh4 Bh7 24. Nf5 Bxf5 1/2-1/2